Annual Administration report for roads and Building, Irrigation and Railways Annual Administration report for establishment, Bulding, Railways and communications 1935-36 / (Record no. 1001925)

MARC details
000 -LEADER
fixed length control field 01421nam a2200349 a 4500
001 - CONTROL NUMBER
control field vtls001553394
003 - CONTROL NUMBER IDENTIFIER
control field NLI
005 - DATE AND TIME OF LATEST TRANSACTION
control field 20210627152413.0
008 - FIXED-LENGTH DATA ELEMENTS--GENERAL INFORMATION
fixed length control field 121212m18991937ii s000 0 eng
039 #9 - LEVEL OF BIBLIOGRAPHIC CONTROL AND CODING DETAIL [OBSOLETE]
-- 201212121835
-- VLOAD
040 0# - CATALOGING SOURCE
Original cataloging agency NLI
Language of cataloging eng
Transcribing agency XData_3
Description conventions AACR2
041 0# - LANGUAGE CODE
Language code of text/sound track or separate title eng
044 ## - COUNTRY OF PUBLISHING/PRODUCING ENTITY CODE
MARC country code ii
082 04 - DEWEY DECIMAL CLASSIFICATION NUMBER
Classification number 352.5
110 1# - MAIN ENTRY--CORPORATE NAME
Corporate name or jurisdiction name as entry element Bengal (India, British).
Subordinate unit Public Works Department
9 (RLIN) 901264
245 10 - TITLE STATEMENT
Title Annual Administration report for roads and Building, Irrigation and Railways Annual Administration report for establishment, Bulding, Railways and communications 1935-36 /
Statement of responsibility, etc. Public Works Department, Government of Bengal
260 ## - PUBLICATION, DISTRIBUTION, ETC.
Place of publication, distribution, etc. Alipore :
Name of publisher, distributor, etc. The Department,
Date of publication, distribution, etc. 1899-1937
300 ## - PHYSICAL DESCRIPTION
Extent -v. ;
Dimensions 29 cm.
500 ## - GENERAL NOTE
General note For the year 1935-36 the is title is Annual adminiustartion report for establishment, Bulding, Railways and communications
500 ## - GENERAL NOTE
General note Library has 1898-99,1900-01 and 1935-36
650 #0 - SUBJECT ADDED ENTRY--TOPICAL TERM
Topical term or geographic name entry element Criminal statistics
Geographic subdivision India
-- Bengal
9 (RLIN) 1037061
887 ## - NON-MARC INFORMATION FIELD
Content of non-MARC field
901 ## - LOCAL DATA ELEMENT A, LDA (RLIN)
a IMP65935 date
b 3.8.1910
9 1898-99
901 ## - LOCAL DATA ELEMENT A, LDA (RLIN)
a IMP65955 date
b 3.8.191
9 1900-01
901 ## - LOCAL DATA ELEMENT A, LDA (RLIN)
a IMP65954 date
b 3.8.1910
9 1935-36
902 ## - LOCAL DATA ELEMENT B, LDB (RLIN)
a GP 352.5(5415)B436rbi
949 ## - LOCAL PROCESSING INFORMATION (OCLC)
-- VIRTUAITEM
-- 10002
-- 100
6 IMP000065935ENG
9 1898-99
942 ## - ADDED ENTRY ELEMENTS (KOHA)
Source of classification or shelving scheme Dewey Decimal Classification
Koha item type Books
949 ## - LOCAL PROCESSING INFORMATION (OCLC)
-- VIRTUAITEM
-- 10002
-- 100
6 IMP000065955ENG
9 1900-01
949 ## - LOCAL PROCESSING INFORMATION (OCLC)
-- VIRTUAITEM
-- 10002
-- 100
6 IMP000065954ENG
9 1935-36
Holdings
Withdrawn status Lost status Damaged status Not for loan Collection code Home library Current library Shelving location Date acquired Total Checkouts Full call number Barcode Date last seen Price effective from Koha item type
        Government Publications National Library of India National Library of India Annexe Reading Room & Stack Division     GP 352.5(5415)B436rbi IMP000065935ENG 27/06/2021 27/06/2021 Books
        Government Publications National Library of India National Library of India Annexe Reading Room & Stack Division     GP 352.5(5415)B436rbi IMP000065955ENG 27/06/2021 27/06/2021 Books
        Government Publications National Library of India National Library of India Annexe Reading Room & Stack Division     GP 352.5(5415)B436rbi IMP000065954ENG 27/06/2021 27/06/2021 Books
                                                                           
web counter

Copyright ©2020 The National Library of India, Govt. of India ↔ Hosted by NVLI, MOC ↔ Technology and Design by National Library of India, Ministry of Culture, Govt. of India